000 00683nam a2200217 4500
005 20260330141256.0
008 260330b |||||||| |||| 00| 0 eng d
020 _a978-81-312-6923-7
041 _aEnglish
082 _25th.ed (SAE)
_aMS 610.73677 CHI 12903
100 _aChintamani
_9217438
245 _aLewis Adult Health Nursing I with Integrated Pathophysiology Vol.1
250 _a5th ed. (SAE)
260 _aNew Delhi
_bElsevier
_c2025
300 _axxviii,1342p.A19p
_bpb
_c27.5x21cm
365 _aRupaye
_b1487.5
_cINR
500 _aMedical Surgical Nursing
650 _aMedical Surgical Nursing
_9217439
651 _aMedical Surgical Nursing
_9217440
942 _cBB
999 _c370811
_d370811